000 00327nam a22001337a 4500
008 190305b xxu||||| |||| 00| 0 eng d
020 _a2740223450944
041 _aeng
080 _27th
_a621
100 _a26
101 _aIM
245 _aIntroduction to Materials Science for Engineers
_cShackelford,J.F
942 _2udc
_cBK
999 _c54582
_d54582